La luz, de otra manera (1985-869) / (Record no. 182784)
[ view plain ]
| 000 -LEADER | |
|---|---|
| campo de control de longitud fija | 00649nam a2200205 i 4500 |
| 001 - NÚMERO DE CONTROL | |
| campo de control | 182784 |
| 003 - IDENTIFICADOR DE NÚMERO DE CONTROL | |
| campo de control | ES-MaACL |
| 005 - FECHA Y HORA DE LA ÚLTIMA TRANSACCIÓN | |
| campo de control | 20251003063157.0 |
| 008 - DATOS DE LONGITUD FIJA--INFORMACIÓN GENERAL | |
| campo de control de longitud fija | 131031s1988 sp | |||| ||spa d |
| 020 ## - NÚMERO INTERNACIONAL ESTÁNDAR DEL LIBRO | |
| Número Internacional Estándar del Libro | 84-7522-231-5 |
| 080 ## - NÚMERO DE LA CLASIFICACIÓN DECIMAL UNIVERSAL | |
| Número de la Clasificación Decimal Universal | 821.134.2-14"19" |
| 100 0# - ENTRADA PRINCIPAL--NOMBRE DE PERSONA | |
| Nombre de persona | Gallego, Vicente, |
| Fechas asociadas al nombre | 1963- |
| 9 (RLIN) | 53546 |
| 245 13 - MENCIÓN DEL TÍTULO | |
| Título | La luz, de otra manera (1985-869) / |
| Mención de responsabilidad, etc. | Vicente Gallego. |
| 260 ## - PUBLICACIÓN, DISTRIBUCIÓN, ETC. | |
| Lugar de publicación, distribución, etc. | Madrid : |
| Nombre del editor, distribuidor, etc. | Visor, |
| Fecha de publicación, distribución, etc. | 1988. |
| 300 ## - DESCRIPCIÓN FÍSICA | |
| Extensión | 49 p. ; |
| Dimensiones | 20 cm. |
| 490 1# - MENCIÓN DE SERIE | |
| Mención de serie | Colección Visor de poesía ; |
| Designación de volumen o secuencia | 231 |
| 830 0# - PUNTO DE ACCESO ADICIONAL DE SERIE-TÍTULO UNIFORME | |
| Título uniforme | Colección Visor de poesía |
| Designación de volumen o secuencia | 231 |
| 9 (RLIN) | 177331 |
| 852 ## - LOCALIZACIÓN | |
| Ubicación | ES-MaACL |
| Número de control de estantería | 2328-F-12 |
| Nota libre | .- Donativo M. A. Velasco |
| Estatus retirado | Estado de pérdida | Estado de daño | No para préstamo | Colección | Biblioteca de origen | Biblioteca actual | Ubicación en estantería | Fecha de adquisición | Fuente de adquisición | Total de préstamos | Signatura topográfica completa | Código de barras | Visto por última vez | Precio de reemplazo | Tipo de ítem Koha |
|---|---|---|---|---|---|---|---|---|---|---|---|---|---|---|---|
| Colección de folletos | Biblioteca del Ateneo de Madrid | Biblioteca del Ateneo de Madrid | Depósito folletos | 31/10/2013 | 2328-F-12 | 1192099 | 23/02/2023 | 23/02/2023 | Folleto |
